00517nam a22001457a 4500008004100000020001800041050002000059100001600079245010200095250001200197260003900209300003000248504005100278650004200329260603b |||||||| |||| 00| 0 eng d a9781032269610 aP 94b.B53 2023 aBivins, Tom aMixed media :bMoral distinctions in advertising, public relations, and journalism /cTom Bivins. a4th ed. aNew York, NY :bRoutledge, c2023. aix,339p. :bill. ;c22cm. aincludes bibliographical references and index. aMass media-Moral and ethical aspects.